Bilecik Bilecik Bilecik Bilecik Bilecik

Osmanlı-Afrika ilişkileri/ (Record no. 1935)

MARC details
000 -BAŞLIK
Sabit Uzunluktaki Kontrol Alanı 01044nam a22003497a 4500
001 - KONTROL NUMARASI
Control Dosyası 0001948
003 - KONTROL NUMARASI KİMLİĞİ
Kontrol Alanı KOHA_MİRAKIL
005 - EN SON İŞLEM TARİHİ ve ZAMANI
Kontrol Alanı 20260207001256.0
007 - FİZİKSEL TANIM SABİT ALAN - GENEL BİLGİ
Sabit uzunluklu kontrol alanı ta
008 - SABİT UZUNLUKTAKİ VERİ ÖGELERİ - GENEL BİLGİ
Sabit Alan 081225b2006 tu |||gr||||#0|||0|tur |
020 ## - ISBN - ULUSLARARASI STANDART KİTAP NUMARASI
Isbn 9756285214
040 ## - KATALOGLAMA KAYNAĞI
Özgün Kataloglama Kurumu TR-BiSEU
Kataloglama Dili tur
Çeviri Kurumu TR-BiSEU
Açıklama Kuralları rda
041 0# - DİL KODU
Metin ya da ses kaydının dil kodu tur
044 ## - YAYINLAYAN/ÜRETEN KURULUŞUN ÜLKE KODU
ISO country code tu
050 ## - SINIFLAMA ve YER NUMARASI
Sınıflama Numarası DR471
Yer Numarası .K17 2006
100 1# - KİŞİ ADI
Yazar Adı (Kişi adı) Kavaş, Ahmet.
245 1# - ESER ADI BİLDİRİMİ
Başlık Osmanlı-Afrika ilişkileri/
Sorumluluk Bildirimi Ahmet Kavaş ; Ahmet Kavaş.
264 #1 - ÜRERİM, YAYIN, DAĞITIM ve TELİF BİLDİRİMİ
Yayın yeri İstanbul :
Yayınlayan Tasam Yayınları
Yayın tarihi 2006
300 ## - FİZİKSEL TANIMLAMA
Sayfa, Cilt vb. 221 sayfa
336 ## - İÇERİK TÜRÜ
Content type term metin
Content type code txt
Source rdacontent
337 ## - MEDYA TÜRÜ
Media type term aracısız
Media type code n
Source rdamedia
338 ## - TAŞIYICI TÜRÜ
Carrier type term cilt
Carrier type code nc
Source rdacarrier
490 1# - DİZİ BİLDİRİMİ
Dizi Bildirimi Tasam yayınları.
490 1# - DİZİ BİLDİRİMİ
Dizi Bildirimi Afrika Enstitüsü serisi ;
Cilt Numarası 3.
500 ## - GENEL NOT
Genel Not Metin Türkçe, İngilizce'den çeviri
500 ## - GENEL NOT
Genel Not Kaynakça var.
650 #0 - KONU BAŞLIĞI EK GİRİŞ - KONU TERİMİ
Konusal terim veya coğrafi ad Osmanlı İmparatorluğu Uluslararası ilişkiler Afrika Tarih.
9 (RLIN) 5591
830 1# - SERİ EK GİRİŞİ - TEKBİÇİM ESER ADI
Tekbiçim Başlık Tasam yayınları.
9 (RLIN) 5592
830 1# - SERİ EK GİRİŞİ - TEKBİÇİM ESER ADI
Tekbiçim Başlık Afrika Enstitüsü serisi ;
Volume number/sequential designation 3.
9 (RLIN) 5593
907 ## - LOCAL DATA ELEMENT G, LDG (RLIN)
a Tarih
942 ## - EK GİRİŞ ÖGELERİ (KOHA)
Source of classification or shelving scheme Library of Congress Classification
Koha item type Book
Holdings
Materyal Türü Kalıcı Konum Mevcut Konum Raf Yeri Sınıflandırma Kaynağı Edinim Bilgisi Ana Konular Alt Konular Yer Numarası Demirbaş Numarası Fatura Tarihi Maliyet, Alış Fiyatı Maliyet, Yenileme Fiyatı Geri Çekilme Durumu Kayıp Durumu Hasarlı Durumu Kredi için değil Kayıt Tarih Toplam Ödünçverme Son Görülme Tarihi Son Kontrol Tarihi Genel / Bağış Notu
Book Prof. Dr. Azmi Özcan Kütüphanesi Prof. Dr. Azmi Özcan Kütüphanesi Uluğbey Salonu Library of Congress Classification Bağış DÜNYA TARİHİ (AVRUPA, ASYA, AFRİKA VB.) Balkan Yarımadası DR471 .K17 2006 0001948 13/08/2010 10.00 10.00         25/12/2008 2 05/12/2024 05/12/2024 Mustafa Serin, İdari Personel